|
|
|
|
| LEADER |
00000naa2a2200000 4500 |
| 001 |
381928 |
| 005 |
20231101062907.0 |
| 035 |
|
|
|a (RuTPU)RU\TPU\prd\5149
|
| 090 |
|
|
|a 381928
|
| 100 |
|
|
|a 20020625a2002 k y0rusy50 ca
|
| 101 |
0 |
|
|a rus
|
| 102 |
|
|
|a RU
|
| 200 |
1 |
|
|a Окисление y-кетосульфидов йодатом калия в условиях потенциометрического титрования
|f А. Д. Улендеева, Л. А. Баева, В. Н. Уразбаев, Н. К. Ляпина
|
| 320 |
|
|
|a Библиогр.: 6 назв.
|
| 461 |
|
1 |
|0 (RuTPU)RU\TPU\prd\1600
|x 0028-2421
|t Нефтехимия
|o научный журнал
|f Российская академия наук (РАН)
|d 1963-
|
| 463 |
|
1 |
|0 (RuTPU)RU\TPU\prd\3637
|t Т. 42, № 2
|v С. 142-144
|d 2002
|
| 610 |
1 |
|
|a потенциометрическое титрование
|
| 610 |
1 |
|
|a окисление
|
| 610 |
1 |
|
|a йодат калия
|
| 610 |
1 |
|
|a y-кетосульфиды
|
| 610 |
1 |
|
|a нефтепродукты
|
| 675 |
|
|
|a 543.845.8.547.269:66.095.253
|v 3
|
| 701 |
|
1 |
|a Улендеева
|b А. Д.
|
| 701 |
|
1 |
|a Баева
|b Л. А.
|
| 701 |
|
1 |
|a Уразбаев
|b В. Н.
|
| 701 |
|
1 |
|a Ляпина
|b Н. К.
|
| 801 |
|
1 |
|a RU
|b 63413507
|c 20020625
|g PSBO
|
| 801 |
|
2 |
|a RU
|b 63413507
|c 20130723
|g PSBO
|
| 942 |
|
|
|c BK
|